Guides to help park managers (Record no. 117488)

MARC details
000 -LEADER
fixed length control field 01204cam a2200217 4500
001 - CONTROL NUMBER
control field WB4022-07
008 - FIXED-LENGTH DATA ELEMENTS--GENERAL INFORMATION
fixed length control field 040608n2004 000 0 eng u
035 ## - SYSTEM CONTROL NUMBER
System control number (Sirsi) u126433
245 ## - TITLE STATEMENT
Title Guides to help park managers
260 ## - PUBLICATION, DISTRIBUTION, ETC.
Date of publication, distribution, etc. 2004
490 ## - SERIES STATEMENT
Series statement CABE Press Release
Volume/sequential designation 27 May 2004 (1)
520 ## - SUMMARY, ETC.
Summary, etc. CABE Space has launched two good practice guides to help local authorities and other green space managers promote the regeneration of open spaces. "Green space strategies, a good practice guide" aims to help local authorities to undertake assessments of their green space provision. "A guide to producing park and green space management plans" will help anyone involved in the management of a publicly accessible park or green space to maintain, develop and improve it. Both guides are available free to any park or space manager from t +44 (0)20 7960 2400, [email protected] or download from http://www.cabespace.org.uk/publications. http://www.cabe.org.uk/news/press/showPRelease.asp ?id=634
590 ## - LOCAL NOTE (RLIN)
Local note WB
590 ## - LOCAL NOTE (RLIN)
Local note WB
650 ## - SUBJECT ADDED ENTRY--TOPICAL TERM
Topical term or geographic name entry element GREEN SPACES
650 ## - SUBJECT ADDED ENTRY--TOPICAL TERM
Topical term or geographic name entry element PARKS
650 ## - SUBJECT ADDED ENTRY--TOPICAL TERM
Topical term or geographic name entry element OPEN SPACES
650 ## - SUBJECT ADDED ENTRY--TOPICAL TERM
Topical term or geographic name entry element SPACE MANAGEMENT
690 ## - LOCAL SUBJECT ADDED ENTRY--TOPICAL TERM (OCLC, RLIN)
Topical term or geographic name as entry element ENVIRONMENT-MANAGEMENT
942 ## - ADDED ENTRY ELEMENTS (KOHA)
Suppress in OPAC 0
Holdings
Withdrawn status Lost status Source of classification or shelving scheme Damaged status Not for loan Home library Current library Shelving location Date acquired Total Checkouts Full call number Barcode Date last seen Copy number Price effective from Koha item type
    Dewey Decimal Classification     London London News article 08/06/2004   WB4022-07 126433-1001 06/08/2019 1 06/08/2019 News article